Novedades y modificaciones que introduce en nuestra legislación el Código civil : (Record no. 157757)
[ view plain ]
| 000 -LEADER | |
|---|---|
| campo de control de longitud fija | 01249nam a2200289 i 4500 |
| 001 - NÚMERO DE CONTROL | |
| campo de control | 157757 |
| 003 - IDENTIFICADOR DE NÚMERO DE CONTROL | |
| campo de control | ES-MaACL |
| 005 - FECHA Y HORA DE LA ÚLTIMA TRANSACCIÓN | |
| campo de control | 20250811030349.0 |
| 008 - DATOS DE LONGITUD FIJA--INFORMACIÓN GENERAL | |
| campo de control de longitud fija | 000210s1889 sp |||| | spa d |
| 040 ## - FUENTE DE CATALOGACIÓN | |
| Centro/agencia transcriptor | ES-MaACL |
| 100 1# - ENTRADA PRINCIPAL--NOMBRE DE PERSONA | |
| Nombre de persona | Linares Rivas, Aureliano. |
| 9 (RLIN) | 72354 |
| Término indicativo de función/relación | Autor |
| 245 10 - MENCIÓN DEL TÍTULO | |
| Título | Novedades y modificaciones que introduce en nuestra legislación el Código civil : |
| Resto del título | conferencias pronunciadas en el Ateneo de Madrid / |
| Mención de responsabilidad, etc. | por D. Aureliano Linares Rivas. |
| 260 ## - PUBLICACIÓN, DISTRIBUCIÓN, ETC. | |
| Lugar de publicación, distribución, etc. | Madrid : |
| Nombre del editor, distribuidor, etc. | [s.n.], |
| Fecha de publicación, distribución, etc. | 1889 |
| Fabricante | (Campuzano, imp.) |
| 300 ## - DESCRIPCIÓN FÍSICA | |
| Extensión | 158 páginas ; |
| Dimensiones | 24 cm. |
| 530 ## - NOTA DISPONIBLE DE FORMULARIO FÍSICO ADICIONAL | |
| Nota de formato físico adicional disponible | Disponible en formato digital |
| 594 ## - NOTA AL TITULO Y MENCION DE RESPONSABILIDAD | |
| Nota | Contiene el texto de las 9 conferencias. |
| 610 24 - PUNTO DE ACCESO ADICIONAL DE MATERIA--NOMBRE DE ENTIDAD CORPORATIVA | |
| Nombre de entidad corporativa o nombre de jurisdicción como elemento de entrada | Ateneo de Madrid- |
| Subdivisión de forma | Conferencias- |
| Subdivisión cronológica | S.XIX. |
| 9 (RLIN) | 1910 |
| 610 14 - PUNTO DE ACCESO ADICIONAL DE MATERIA--NOMBRE DE ENTIDAD CORPORATIVA | |
| Nombre de entidad corporativa o nombre de jurisdicción como elemento de entrada | España. |
| Título de la obra | Código civil, 1889 |
| 9 (RLIN) | 3628 |
| 650 04 - PUNTO DE ACCESO ADICIONAL DE MATERIA--TÉRMINO DE MATERIA | |
| Término de materia o nombre geográfico como elemento de entrada | Derecho civil- |
| Subdivisión geográfica | España |
| 9 (RLIN) | 11659 |
| 650 ## - PUNTO DE ACCESO ADICIONAL DE MATERIA--TÉRMINO DE MATERIA | |
| Término de materia o nombre geográfico como elemento de entrada | Código civil- |
| Subdivisión geográfica | España. |
| 9 (RLIN) | 135863 |
| 852 ## - LOCALIZACIÓN | |
| Ubicación | ES-MaACL |
| Ubicación en estantería | Sala Palomar |
| Donativo/Legado | Donativo Roda |
| Número de control de estantería | C-3211 |
| 852 ## - LOCALIZACIÓN | |
| Ubicación | ES-MaACL |
| Ubicación en estantería | Sala Pecera Planta 3 |
| Número de control de estantería | G-15215 |
| Encuadernación | Pasta |
| 856 ## - LOCALIZACIÓN Y ACCESO ELECTRÓNICOS | |
| Identificador Uniforme de Recursos | <a href="http://bvrajyl.rajyl.es/i18n/consulta/registro.cmd?id=8163">http://bvrajyl.rajyl.es/i18n/consulta/registro.cmd?id=8163</a> |
| Texto de enlace | Versión en línea |
| Nota pública | (Biblioteca Virtual de la Real Academia de Jurisprudencia y Legislación) |
| 942 ## - ELEMENTOS DE ENTRADA SECUNDARIOS (KOHA) | |
| Tipo de ítem Koha | Libro impreso antiguo |
| Suprimir en OPAC | No |
| Estatus retirado | Estado de pérdida | Fuente del sistema de clasificación o colocación | Estado de daño | No para préstamo | Colección | Biblioteca de origen | Biblioteca actual | Ubicación en estantería | Fecha de adquisición | Total de préstamos | Signatura topográfica completa | Código de barras | Visto por última vez | Tipo de ítem Koha | Fuente de adquisición |
|---|---|---|---|---|---|---|---|---|---|---|---|---|---|---|---|
| Clasificación decimal universal | Colección digital | Biblioteca del Ateneo de Madrid | Biblioteca del Ateneo de Madrid | Sala Pecera Planta 3 | 17/01/2008 | G-15215 | 1165091 | 23/02/2023 | Libro impreso antiguo | ||||||
| Clasificación decimal universal | Colección digital | Biblioteca del Ateneo de Madrid | Biblioteca del Ateneo de Madrid | Sala Palomar | 17/01/2008 | C-3211 | 1165090 | 23/02/2023 | Libro impreso antiguo | Donación |
